| 000 | 00584nam a22001817a 4500 | ||
|---|---|---|---|
| 003 | CEME | ||
| 005 | 20210628202807.0 | ||
| 008 | 210118b xxu||||| |||| 00| 0 eng d | ||
| 020 | _a0-8493-3375-X | ||
| 040 | _c. | ||
| 082 | _a006.32 SAM | ||
| 100 |
_aSamarasinghe, Sandhya _961660 |
||
| 245 | _aNeural networks for applied sciences and engineering, from fundamentals to complex pattern recognition | ||
| 260 |
_aNEW YORK _bAUERBACH PUBLICATIONS _c2007 |
||
| 300 | _aXX,576 P | ||
| 650 |
_aNEURAL NETWORKS(COMPUTER SCIENCE). PATTERN RECOGNTION SYSTEMS. _961661 |
||
| 942 |
_cBK _2ddc |
||
| 999 |
_c571041 _d571041 |
||